Central Library OPAC University of Rajshahi

ইসলামী দা'ওয়াহর মর্মকাথা ও ইসলামী শিক্ষার তাৎপর্য / (Record no. 38737)

MARC details
000 -LEADER
fixed length control field 00987nam a2200229 a 4500
001 - CONTROL NUMBER
control field 38737
003 - CONTROL NUMBER IDENTIFIER
rucl marc code BD-RjUL
005 - DATE AND TIME OF LATEST TRANSACTION
control field 20211209052842.0
008 - FIXED-LENGTH DATA ELEMENTS--GENERAL INFORMATION
fixed length control field 160216s2002 bg ||||| |||| 00| 0 ben d
020 ## - INTERNATIONAL STANDARD BOOK NUMBER
International Standard Book Number 9848090088
Terms of availability : Tk. 100.00
035 ## - SYSTEM CONTROL NUMBER
System control number (BD-RjUL)38846
040 ## - CATALOGING SOURCE
Original cataloging agency BD-RjUL
Language of cataloging ben
Transcribing agency BD-RjUL
041 ## - LANGUAGE CODE
Language code of text/sound track or separate title ben
082 ## - DEWEY DECIMAL CLASSIFICATION NUMBER
Classification number 297.77
Author mark and year ALI 2002
Edition number 23
100 ## - MAIN ENTRY--PERSONAL NAME
Personal name আলম, এ কে এম নূরুল
9 (RLIN) 119503
245 ## - TITLE STATEMENT
Title ইসলামী দা'ওয়াহর মর্মকাথা ও ইসলামী শিক্ষার তাৎপর্য /
Statement of responsibility, etc. এ কে এম নূরুল আলম.
260 ## - PUBLICATION, DISTRIBUTION, ETC. (IMPRINT)
Place of publication, distribution, etc. ঢাকা :
Name of publisher, distributor, etc. বাংলাদেশ বিশ্ববিদ্যালয় মঞ্জুরী কমিশন,
Date of publication, distribution, etc. ২০০২.
300 ## - PHYSICAL DESCRIPTION
Pagination ১৬২ পৃ. ;
Size ২২ সেমি.
650 ## - SUBJECT ADDED ENTRY--TOPICAL TERM
Topical term or geographic name as entry element ইসলামী ধর্মীয় শিক্ষা
9 (RLIN) 119504
Topical term or geographic name as entry element Islamic religious education
9 (RLIN) 119505
942 ## - ADDED ENTRY ELEMENTS (KOHA)
Source of classification or shelving scheme Dewey Decimal Classification
Koha item type Books
Holdings
Lost status Source of classification or shelving scheme Damaged status Not for loan Collection code Permanent Location Current Location Shelving location Date acquired Source of acquisition Cost, normal purchase price Total Checkouts Full call number Date last seen Date checked out Copy number Koha item type Total Renewals
  Dewey Decimal Classification     Non-fiction Central Library, University of Rajshahi Central Library, University of Rajshahi   25/05/2005 University Grand Commission, Bangladesh 100.00 1 B 297.77 ALI 2006 10/11/2021 24/10/2021 C-2 Books  
  Dewey Decimal Classification     Non-fiction Central Library, University of Rajshahi Central Library, University of Rajshahi   25/05/2005 Bangladesh University Manjury Commission 100.00   B 297.77 ALI 2002 04/05/2016   C-3 Books  
  Dewey Decimal Classification     Non-fiction Central Library, University of Rajshahi Central Library, University of Rajshahi   25/05/2005 Bangladesh University Manjury Commission 100.00 2 B 297.77 ALI 2002 14/02/2019 22/01/2019 C-4 Books 1
  Dewey Decimal Classification     Non-fiction Central Library, University of Rajshahi Central Library, University of Rajshahi   16/04/2005 Bangladesh University Manjury Commission 100.00 1 B 297.77 ALI 2002 22/10/2016 03/08/2016 C-5 Books  
  Dewey Decimal Classification   Not For Loan Non-fiction Central Library, University of Rajshahi Central Library, University of Rajshahi Reading Room 11/11/2007 Author     B 297.77 ALI 2002 05/12/2016   C-1 Books  
  Dewey Decimal Classification     Non-fiction Central Library, University of Rajshahi Central Library, University of Rajshahi   25/05/2005 Bangladesh Bemok 100.00   B 297.77 ALI 2002 29/01/2017   C-6 Books